<?xml version="1.0" encoding="UTF-8"?><?xml-stylesheet type="text/xsl" href="static/style.xsl"?><OAI-PMH xmlns="http://www.openarchives.org/OAI/2.0/" xmlns:xsi="http://www.w3.org/2001/XMLSchema-instance" xsi:schemaLocation="http://www.openarchives.org/OAI/2.0/ http://www.openarchives.org/OAI/2.0/OAI-PMH.xsd"><responseDate>2026-04-27T22:09:41Z</responseDate><request verb="GetRecord" identifier="oai:uvadoc.uva.es:10324/8482" metadataPrefix="marc">https://uvadoc.uva.es/oai/request</request><GetRecord><record><header><identifier>oai:uvadoc.uva.es:10324/8482</identifier><datestamp>2021-06-23T10:29:37Z</datestamp><setSpec>com_10324_1161</setSpec><setSpec>com_10324_931</setSpec><setSpec>com_10324_894</setSpec><setSpec>col_10324_1319</setSpec></header><metadata><record xmlns="http://www.loc.gov/MARC21/slim" xmlns:doc="http://www.lyncode.com/xoai" xmlns:xsi="http://www.w3.org/2001/XMLSchema-instance" xmlns:dcterms="http://purl.org/dc/terms/" xsi:schemaLocation="http://www.loc.gov/MARC21/slim http://www.loc.gov/standards/marcxml/schema/MARC21slim.xsd">
<leader>00925njm 22002777a 4500</leader>
<datafield tag="042" ind1=" " ind2=" ">
<subfield code="a">dc</subfield>
</datafield>
<datafield tag="720" ind1=" " ind2=" ">
<subfield code="a">Manero Miguel, Fernando</subfield>
<subfield code="e">author</subfield>
</datafield>
<datafield tag="720" ind1=" " ind2=" ">
<subfield code="a">Molina de la Torre, Ignacio</subfield>
<subfield code="e">author</subfield>
</datafield>
<datafield tag="260" ind1=" " ind2=" ">
<subfield code="c">2014</subfield>
</datafield>
<datafield tag="520" ind1=" " ind2=" ">
<subfield code="a">Analysis and interpretation of the factors responsible for the economic crisis in Spain in order to assess their impact on the space and its significance in the strategy of public policy. Fundamentally, the need to strengthen the culture of the territory and to advance the quality of institutions as requirements to correct the mistakes that have led to the traumatic effects caused by the crisis is underlined.</subfield>
</datafield>
<datafield tag="024" ind2=" " ind1="8">
<subfield code="a">Albertos Puebla, J.M. y Sánchez Hernández, J.L. Geografia de la crisis económica en España. Valencia, Universitat, 2014, p. 39-74</subfield>
</datafield>
<datafield tag="024" ind2=" " ind1="8">
<subfield code="a">978-84-370-9361-1</subfield>
</datafield>
<datafield tag="024" ind2=" " ind1="8">
<subfield code="a">http://uvadoc.uva.es/handle/10324/8482</subfield>
</datafield>
<datafield tag="024" ind2=" " ind1="8">
<subfield code="a">39</subfield>
</datafield>
<datafield tag="024" ind2=" " ind1="8">
<subfield code="a">74</subfield>
</datafield>
<datafield tag="024" ind2=" " ind1="8">
<subfield code="a">Geografía de la crisis económica en España</subfield>
</datafield>
<datafield ind1=" " ind2=" " tag="653">
<subfield code="a">Crisis económica, Cultura del territorio, Geografía, Gobernanza</subfield>
</datafield>
<datafield tag="245" ind1="0" ind2="0">
<subfield code="a">Estrategias territoriales ante la crisis: cultura del territorio y calidad institucional</subfield>
</datafield>
</record></metadata></record></GetRecord></OAI-PMH>